El delito de fraude del funcionario público (Registro nro. 12699)

Detalles MARC
000 -Cabecera
Campo de control de longitud fija 00963nam a22003377a 4500
005 - Fecha y hora de la última transacción
Campo de control 20260319120218.0
008 - Elementos de longitud fija--Información general
Campo de control de longitud fija 200902b2016 xxu||||| |||| 00| 0 spa d
020 ## - International Standard Book Number
Número Internacional Estándar del Libro (ISBN) 9788494479038
041 ## - Idioma
Código de idioma Español
082 ## - Clasificación Decimal Dewey
Número de clasificación 364.17 B456d
100 ## - Entrada principal--Autor personal
Nombre personal Benavides Schiller, Andrés
9 (RLIN) 58234
245 ## - Título propiamente dicho
Título El delito de fraude del funcionario público
260 ## - Pie de imprenta
Lugar de publicación, distribución, etc. España
260 ## - Pie de imprenta
Nombre del editor, distribuidor, etc. Bosch
260 ## - Pie de imprenta
Fecha de publicación, distribución, etc. 2016
300 ## - Descripción física
Extensión 353 páginas
490 ## - Serie
Título de la Serie Investigación Criminal
650 ## - Materia general
Temática (materia general) INVESTIGACIÓN CRIMINAL
650 ## - Materia general
Temática (materia general) DELITO DE FRAUDE
650 ## - Materia general
Temática (materia general) FUNCIONARIO PÚBLICO
650 ## - Materia general
Temática (materia general) DELITOS CONTRA LA ADMINISTRACIÓN PÚBLICA
650 ## - Materia general
Temática (materia general) SUJETO ACTIVO DEL DELITO
650 ## - Materia general
Temática (materia general) TENTATIVA DE FRAUDE
650 ## - Materia general
Temática (materia general) DELITO DE ESTAFA
650 ## - Materia general
Temática (materia general) DELITO DE COHECHO
650 ## - Materia general
Temática (materia general) DELITO DE MALVERSACIÓN
650 ## - Materia general
Temática (materia general) DELITO DE PREVARICACIÓN
650 ## - Materia general
Temática (materia general) TRÁFICO DE INFLUENCIAS
650 ## - Materia general
Temática (materia general) CONSECUENCIAS JURÍDICAS
942 ## - Punto de acceso adicional KOHA
Tipo de ítem KOHA Libro
Fuente del sistema de clasificación o colocación Dewey Decimal Classification
Existencias
Signatura completa Código de barras Programa Académico Tipo de ítem
364.17 B456d 25059 Investigación Criminal Libro